Online katalóg knižníc regiónu Turca

Nič krajšie už nepríde (Record no. 22333)

MARC details
000 -LEADER
fixed length control field 01333cam a2200397 a 4500
001 - CONTROL NUMBER
control field 22333
003 - CONTROL NUMBER IDENTIFIER
control field VRT
005 - DATE AND TIME OF LATEST TRANSACTION
control field 20260326142812.0
008 - FIXED-LENGTH DATA ELEMENTS--GENERAL INFORMATION
fixed length control field 240314s2014 xo g 000 f slo
015 ## - NATIONAL BIBLIOGRAPHY NUMBER
National bibliography number SNBA2015/01
020 ## - INTERNATIONAL STANDARD BOOK NUMBER
International Standard Book Number 9788081640162
Qualifying information (viaz.)
035 ## - SYSTEM CONTROL NUMBER
System control number CEC4879D-E5AC-4B77-9770-00D252EBF406
035 ## - SYSTEM CONTROL NUMBER
System control number urn:nbn:sk:snk-amjojc
035 ## - SYSTEM CONTROL NUMBER
System control number urn:nbn:sk:snk-am002d3f
039 #9 - LEVEL OF BIBLIOGRAPHIC CONTROL AND CODING DETAIL [OBSOLETE]
Level of rules in bibliographic description 202403140850
Level of effort used to assign nonsubject heading access points VLOAD
Level of effort used to assign subject headings 201710261437
Level of effort used to assign classification mbjkdg02
Level of effort used to assign subject headings 201708251006
Level of effort used to assign classification AUTHORITY
Level of effort used to assign subject headings 201703241317
Level of effort used to assign classification mbpksh02
040 ## - CATALOGING SOURCE
Original cataloging agency PPPK
Language of cataloging slo
Transcribing agency PPPK
Modifying agency SNK
Description conventions AACR2
041 0# - LANGUAGE CODE
Language code of text/sound track or separate title slo
044 ## - COUNTRY OF PUBLISHING/PRODUCING ENTITY CODE
MARC country code xo
ISO country code SK
072 #7 - SUBJECT CATEGORY CODE
Subject category code 821.162.4-3
Subject category code subdivision Slovenská próza
Source konspekt
080 ## - UNIVERSAL DECIMAL CLASSIFICATION NUMBER
Universal Decimal Classification number 821.162.4-31
Edition identifier 2001
100 1# - MAIN ENTRY--PERSONAL NAME
Personal name Braunová, Lucia,
Dates associated with a name 1985-
Relationship aut
245 10 - TITLE STATEMENT
Title Nič krajšie už nepríde
Statement of responsibility, etc. Lucia Braunová
250 ## - EDITION STATEMENT
Edition statement 1. vyd.
260 ## - PUBLICATION, DISTRIBUTION, ETC.
Place of publication, distribution, etc. Bratislava
Name of publisher, distributor, etc. Motýľ
Date of publication, distribution, etc. 2014
300 ## - PHYSICAL DESCRIPTION
Extent 173 s.
Dimensions 21 cm
655 #7 - INDEX TERM--GENRE/FORM
Genre/form data or focus term slovenské romány
Source of term SNKPH
655 #7 - INDEX TERM--GENRE/FORM
Genre/form data or focus term Slovak fiction
Source of term SNKPHeng
910 ## - USER-OPTION DATA (OCLC)
User-option data bpksh
910 ## - USER-OPTION DATA (OCLC)
User-option data bjkdg
942 ## - ADDED ENTRY ELEMENTS (KOHA)
Source of classification or shelving scheme Dewey Decimal Classification
Koha item type Krásna literatúra pre dospelých
Suppress in OPAC No
949 ## - LOCAL PROCESSING INFORMATION (OCLC)
6 17A1120311
a snkSC 161891
b snk2014/25769
o 2278/14
s 6100:20140925
949 ## - LOCAL PROCESSING INFORMATION (OCLC)
a snklmDK 7027 SNKLM
b snklm2014/205
949 ## - LOCAL PROCESSING INFORMATION (OCLC)
6 270001000453529
a svkbbA 141543
b svkbbm 744705
949 ## - LOCAL PROCESSING INFORMATION (OCLC)
6 17A1142365
a snkSC 161891 D1
b snk2015/10695
o 2278/14
949 ## - LOCAL PROCESSING INFORMATION (OCLC)
6 3869A18554
a bpksh821.162.4-31
b bpksh68929
Holdings
Stav vyradenia Strata Poškodenie Spôsob nadobudnutia Domovská knižnica Aktuálna knižnica Dátum nadobudnutia Total checkouts Čiarový kód exemplára Date last seen Typ exemplára Cena
      Kúpa Obecná knižnica Horná Štubňa Obecná knižnica Horná Štubňa 28.03.2026   9788081640162 28.03.2026 Krásna literatúra pre dospelých 4.90
      Dar Obecná knižnica Turčianska Štiavnička Obecná knižnica Turčianska Štiavnička 26.03.2026   4738000748 26.03.2026 Krásna literatúra pre dospelých  
Projekt je podporený Slovenskou asociáciou knižníc
Prevádzkuje Turčianska knižnica Martin 2026